[Event "Indonesia Open 2013"]
[Site "Jakarta INA"]
[Date "2013.10.12"]
[Round "4.12"]
[White "Munkhgal, Gombosuren"]
[Black "Nguyen, Ngoc Truong Son"]
[Result "1/2-1/2"]
[WhiteTitle "IM"]
[BlackTitle "GM"]
[WhiteElo "2400"]
[BlackElo "2629"]
[WhiteFideId "4901266"]
[BlackFideId "12401110"]
[EventDate "2013.10.10"]

1. d4 d5 2. c4 dxc4 3. Nf3 Nf6 4. e3 e6 5. Bxc4 c5 6. O-O a6 7. a4 Nc6 8. Nc3
Be7 9. dxc5 Qxd1 10. Rxd1 Bxc5 11. Bd2 b6 12. Be1 Bb7 13. Rac1 O-O 14. Na2 Rfc8
15. b4 Bf8 16. b5 axb5 17. Bxb5 Na7 18. Bf1 Rxc1 19. Rxc1 Nc6 20. Bb5 Na7 21.
Bf1 Nc6 22. Bb5 Na7 23. Bf1 Nc6 1/2-1/2

[Event "Indonesia Open 2013"]
[Site "Jakarta INA"]
[Date "2013.10.12"]
[Round "4.13"]
[White "Salem, A.R. Saleh"]
[Black "Purnama, Tirta Chandra"]
[Result "0-1"]
[WhiteTitle "GM"]
[BlackTitle "IM"]
[WhiteElo "2567"]
[BlackElo "2382"]
[WhiteFideId "9301348"]
[BlackFideId "7101422"]
[EventDate "2013.10.10"]

1. d4 Nf6 2. c4 g6 3. Nc3 Bg7 4. e4 d6 5. f3 O-O 6. Be3 c5 7. Nge2 Nc6 8. d5 Ne5
9. Ng3 h5 10. Be2 e6 11. O-O a6 12. Nh1 exd5 13. cxd5 b5 14. a4 Bd7 15. Nf2 Rb8
16. axb5 axb5 17. Ra6 b4 18. Nb1 Qc7 19. h3 Bb5 20. Bxb5 Rxb5 21. Nd2 Ra5 22.
Qe2 Ra8 23. Rxa8+ Rxa8 24. Rd1 Ned7 25. Qb5 Nb6 26. Rc1 Qb8 27. Nd3 Nfd7 28. Bf4
Qa7 29. Kh1 Bf8 30. e5 Nxd5 31. exd6 Nxf4 32. Nxf4 Bxd6 33. Nd5 Kg7 34. Qc6 Be5
35. Nc4 Bg3 36. Nd6 Qa1 37. Ne8+ Kf8 0-1

[Event "Indonesia Open 2013"]
[Site "Jakarta INA"]
[Date "2013.10.12"]
[Round "4.15"]
[White "Khusnutdinov, Rustam"]
[Black "Saduakassova, Dinara"]
[Result "1/2-1/2"]
[WhiteTitle "GM"]
[BlackTitle "WGM"]
[WhiteElo "2509"]
[BlackElo "2335"]
[WhiteFideId "13701703"]
[BlackFideId "13700090"]
[EventDate "2013.10.10"]

1. d4 Nf6 2. c4 e6 3. Nc3 Bb4 4. e3 O-O 5. Ne2 c6 6. Ng3 d5 7. Be2 dxc4 8. Bxc4
e5 9. O-O exd4 10. exd4 Nbd7 11. a3 Be7 12. Nf5 Nb6 13. Bd3 Bxf5 14. Bxf5 Qc7
15. Qf3 Nbd5 16. Bc2 Rad8 17. Rd1 Rfe8 18. Bg5 h6 19. Bh4 Qf4 20. Qxf4 Nxf4 21.
Kf1 Ne6 22. Ne2 Nh5 23. Bxe7 Rxe7 24. Bb3 Nc7 25. Rd2 Red7 26. Rad1 Kf8 27. Ke1
Rd6 28. g3 Nf6 29. Nc3 Re8+ 30. Re2 Red8 1/2-1/2

[Event "Indonesia Open 2013"]
[Site "Jakarta INA"]
[Date "2013.10.12"]
[Round "4.16"]
[White "Farid, Firman Syah"]
[Black "Laylo, Darwin"]
[Result "0-1"]
[WhiteTitle "IM"]
[BlackTitle "GM"]
[WhiteElo "2392"]
[BlackElo "2497"]
[WhiteFideId "7102526"]
[BlackFideId "5201330"]
[EventDate "2013.10.10"]

1. e4 c6 2. d4 d5 3. e5 Bf5 4. Nf3 e6 5. Be2 Nd7 6. O-O Ne7 7. Nbd2 Nc8 8. c3
Be7 9. Ne1 O-O 10. Bd3 Bxd3 11. Nxd3 c5 12. dxc5 Nxc5 13. Nxc5 Bxc5 14. Nb3 Bb6
15. Qg4 Ne7 16. Bg5 Qc7 17. Bxe7 Qxe7 18. Rad1 Rac8 19. Rd3 Rc4 20. Nd4 Bxd4 21.
Rxd4 Rxd4 22. Qxd4 b6 23. Rd1 Rc8 24. Qg4 Rc4 25. Rd4 Rxd4 26. Qxd4 Qg5 27. f4
Qf5 28. c4 Qb1+ 29. Kf2 Qxa2 30. cxd5 exd5 31. f5 Qb1 32. g4 Qc2+ 33. Ke3 Qc5
34. b4 Qc6 35. Qa1 h6 36. Qxa7 Qc3+ 37. Kf2 Qxe5 38. Qxb6 Qxh2+ 39. Kf3 Qh1+ 40.
Kg3 Qe1+ 41. Kh3 Qc3+ 42. Kg2 d4 43. b5 d3 44. Qd8+ Kh7 45. b6 Qc2+ 46. Kg3 d2
47. b7 d1=Q 48. Qxd1 Qxd1 49. b8=Q Qd3+ 50. Kf4 Qf1+ 51. Kg3 Qg1+ 52. Kf3 h5 53.
gxh5 Qg5 54. Qf4 Kh6 55. Qd6+ Kxh5 56. Qh2+ Qh4 57. Qg2 Qd4 58. Qa2 Qg4+ 59. Ke3
Qxf5 60. Qh2+ Kg6 61. Qd6+ Qe6+ 0-1

[Event "Indonesia Open 2013"]
[Site "Jakarta INA"]
[Date "2013.10.12"]
[Round "4.17"]
[White "Pradeep, Kumar R.A."]
[Black "Cao, Sang"]
[Result "0-1"]
[BlackTitle "GM"]
[WhiteElo "2331"]
[BlackElo "2485"]
[WhiteFideId "5023181"]
[BlackFideId "725056"]
[EventDate "2013.10.10"]

1. Nf3 Nf6 2. c4 b6 3. g3 Bb7 4. Bg2 e6 5. O-O Be7 6. d4 O-O 7. Nc3 Na6 8. d5
Bb4 9. Bd2 Nc5 10. Ne1 a5 11. Nc2 Re8 12. Ne3 e5 13. Qc2 d6 14. Ned1 Bc8 15. Bg5
Bd7 16. a3 Bxc3 17. Nxc3 a4 18. f4 e4 19. Bxe4 Ncxe4 20. Nxe4 Rxe4 21. Bxf6 Qe8
22. Bc3 Rxe2 23. Qd3 Qe4 24. Qxe4 Rxe4 25. Rfe1 Rxc4 26. Re7 Rd8 27. Rc1 Rc5 28.
Bd2 Kf8 29. Re2 Bb5 30. Rf2 Rd7 31. f5 f6 32. Rxc5 dxc5 33. Bf4 Bc4 34. Rd2 Bxd5
35. Bxc7 Rxc7 36. Rxd5 Ke7 37. Rd2 Rd7 38. Re2+ Kd6 39. Kf2 Re7 40. Rd2+ Kc6 41.
Rd8 Rd7 42. Rc8+ Kb5 43. Ke3 Kc4 44. Rc6 b5 45. h4 Rd3+ 46. Kf4 Rb3 47. Rc7 Rxb2
48. Rxg7 b4 49. axb4 cxb4 50. Rxh7 a3 51. Rc7+ Kd5 52. Ra7 a2 0-1

[Event "Indonesia Open 2013"]
[Site "Jakarta INA"]
[Date "2013.10.12"]
[Round "4.18"]
[White "Paehtz, Elisabeth"]
[Black "Novita, Anjas"]
[Result "0-1"]
[WhiteTitle "IM"]
[BlackTitle "FM"]
[WhiteElo "2440"]
[BlackElo "2328"]
[WhiteFideId "4641833"]
[BlackFideId "7100949"]
[EventDate "2013.10.10"]

1. e4 c5 2. Nf3 Nc6 3. Bb5 Qc7 4. O-O g6 5. Re1 Bg7 6. c3 a6 7. Bf1 d6 8. d4 Bg4
9. Be3 Qb6 10. dxc5 Qxb2 11. Nbd2 Qxc3 12. Rc1 Bxf3 13. gxf3 Qf6 14. Qb3 Rb8 15.
cxd6 Qxd6 16. f4 Nh6 17. e5 Qd8 18. Ne4 O-O 19. Bb6 Qc8 20. Bh3 Nf5 21. Qf3 Qe6
22. Nc5 Ncd4 23. Qe4 Qxb6 24. Nd7 Qb2 25. Nxf8 Bxf8 26. Rcd1 e6 27. Bxf5 Nxf5
28. Re2 Qb5 29. a4 Qc6 30. f3 Qc5+ 31. Kg2 b5 32. axb5 axb5 33. Rd7 b4 0-1

[Event "Indonesia Open 2013"]
[Site "Jakarta INA"]
[Date "2013.10.12"]
[Round "4.19"]
[White "Bersamina, Paulo"]
[Black "Nguyen, Van Huy"]
[Result "1/2-1/2"]
[WhiteTitle "FM"]
[BlackTitle "IM"]
[WhiteElo "2310"]
[BlackElo "2422"]
[WhiteFideId "5206995"]
[BlackFideId "12401064"]
[EventDate "2013.10.10"]

1. e4 c6 2. Nc3 d5 3. Nf3 Bg4 4. h3 Bxf3 5. gxf3 e6 6. d4 Nd7 7. Bf4 Ne7 8. Bd3
Ng6 9. Bg3 Be7 10. f4 dxe4 11. Nxe4 Nf6 12. c3 Nxe4 13. Bxe4 Bd6 14. f5 exf5 15.
Bxf5 O-O 16. O-O Bxg3 17. fxg3 Qg5 18. Qg4 Qe3+ 19. Kg2 Rae8 20. Rf2 Qe7 21. Bc2
Qd6 22. Bb3 Ne7 23. Qf4 Qxf4 24. Rxf4 Nd5 25. Rf2 g6 26. g4 Kg7 27. Bxd5 cxd5
28. a4 b6 29. Ra3 Re6 30. Rb3 a6 31. Rb4 Rc8 32. g5 Rcc6 33. Kg3 Kf8 34. Kf3 Ke7
35. Kg3 f5 36. gxf6+ Rxf6 37. Re2+ Rfe6 38. Rf2 Re3+ 39. Kg2 h5 40. Kh2 Rce6 41.
Rg2 Kf6 42. c4 a5 43. cxd5 axb4 44. dxe6 Rxe6 45. Rc2 Kf5 46. d5 Rd6 47. Rc4
Rxd5 48. Rxb4 Rd6 49. h4 Ke5 50. Kg3 Rf6 51. Rc4 Kd5 52. Rf4 Rc6 53. Kf3 Rc2 54.
Rb4 Rc4 55. Rxb6 Rxa4 56. b4 Ra3+ 57. Kg2 Ra2+ 58. Kf3 Ra3+ 59. Kf4 Rh3 1/2-1/2

[Event "Indonesia Open 2013"]
[Site "Jakarta INA"]
[Date "2013.10.12"]
[Round "4.20"]
[White "Situru, Muhammad Ivan"]
[Black "Cherniaev, Alexander"]
[Result "1/2-1/2"]
[WhiteTitle "IM"]
[BlackTitle "GM"]
[WhiteElo "2290"]
[BlackElo "2415"]
[WhiteFideId "7100426"]
[BlackFideId "4117301"]
[EventDate "2013.10.10"]

1. e4 c5 2. Nf3 Nc6 3. d4 cxd4 4. Nxd4 Nf6 5. Nc3 e5 6. Ndb5 d6 7. Bg5 a6 8. Na3
b5 9. Nd5 Be7 10. Bxf6 Bxf6 11. c4 b4 12. Nc2 O-O 13. g3 Bg5 14. Bg2 Qa5 15. O-O
Qc5 16. b3 a5 17. Kh1 Ne7 18. Nce3 Nxd5 19. Nxd5 Bb7 20. f4 exf4 21. gxf4 Bxd5
22. cxd5 Bf6 23. Rc1 Bc3 24. e5 dxe5 25. fxe5 Qe3 26. e6 fxe6 27. dxe6 Rxf1+ 28.
Bxf1 Kh8 29. Qd5 Re8 30. Rd1 g6 31. Bc4 Bf6 32. Rf1 Kg7 33. Rf3 Qe1+ 34. Kg2 Rd8
35. Qc5 Rd2+ 36. Rf2 Rxf2+ 37. Qxf2 1/2-1/2

[Event "Indonesia Open 2013"]
[Site "Jakarta INA"]
[Date "2013.10.12"]
[Round "4.21"]
[White "Paragua, Mark"]
[Black "Lioe, Dede"]
[Result "0-1"]
[WhiteTitle "GM"]
[BlackTitle "IM"]
[WhiteElo "2571"]
[BlackElo "2375"]
[WhiteFideId "5201241"]
[BlackFideId "7100566"]
[EventDate "2013.10.10"]

1. e4 c5 2. Nf3 d6 3. d4 cxd4 4. Nxd4 Nf6 5. Nc3 Nc6 6. f3 e5 7. Nb3 Be6 8. Nd5
Bxd5 9. exd5 Nb4 10. Bb5+ Nd7 11. Be3 Na6 12. Bxa6 bxa6 13. Qd3 Qh4+ 14. Bf2 Qa4
15. Nd2 Be7 16. Nc4 O-O 17. O-O Nf6 18. b3 Qb5 19. Rfd1 Rfc8 20. a4 Qb4 21. Rab1
Bd8 22. c3 Qb8 23. b4 Bb6 24. Ne3 Qc7 25. Qxa6 Qxc3 26. Qe2 g6 27. Kh1 Bd4 28.
Rd3 Qc7 29. Rd2 Qb7 30. Qd1 Bc3 31. Rc2 Bd4 32. Rd2 Bc3 33. Rd3 Rc7 34. Be1 Rac8
35. Bxc3 Rxc3 36. Rxc3 Rxc3 37. Qd2 Ra3 38. Nc4 Rxa4 39. Nxd6 Qxd5 40. Qxd5 Nxd5
41. b5 Nc3 42. Rc1 Rd4 43. g3 Rd3 44. Nc4 f6 45. f4 e4 46. Nb2 Rf3 47. Kg2 f5
48. Nc4 Nxb5 49. Ne5 Rc3 50. Rd1 Rc7 51. g4 a5 52. gxf5 gxf5 53. Rd5 Rb7 54. Nc4
a4 55. Na5 Rb8 56. Nc6 Rb6 57. Rxf5 Rxc6 58. Rxb5 Ra6 59. Rb2 a3 60. Ra2 Kf7 61.
Kf2 Kf6 62. Ke3 Kf5 0-1

[Event "Indonesia Open 2013"]
[Site "Jakarta INA"]
[Date "2013.10.12"]
[Round "4.22"]
[White "Batchuluun, Tsegmed"]
[Black "Sukandar, Irine Kharisma"]
[Result "1-0"]
[WhiteTitle "GM"]
[BlackTitle "WGM"]
[WhiteElo "2529"]
[BlackElo "2363"]
[WhiteFideId "4900847"]
[BlackFideId "7101937"]
[EventDate "2013.10.10"]

1. d4 Nf6 2. c4 e6 3. Nc3 Bb4 4. f3 d5 5. a3 Bxc3+ 6. bxc3 c5 7. cxd5 Nxd5 8.
dxc5 Qa5 9. e4 Ne7 10. Be3 Nbc6 11. Qb3 O-O 12. Bb5 e5 13. Bc4 Qc7 14. Qb2 Na5
15. Ba2 Nec6 16. Ne2 Nb8 17. O-O Na6 18. Rfd1 Nxc5 19. Qb5 Ne6 20. Rd5 b6 21.
Rad1 Nb7 22. c4 Nbc5 23. Qb2 Bb7 24. Rxe5 Rad8 25. Red5 Bxd5 26. cxd5 Rfe8 27.
Qa1 Nf8 28. Bd4 Ng6 29. Bxg7 Ne5 30. Bf6 Ncd3 31. Bxd8 Qc2 32. Kf1 Ng4 33. Rxd3
Qxd3 34. fxg4 Qxe4 35. Qd1 Rxd8 36. Qd4 Qc2 37. Qc4 Qd2 38. Qc1 Qxc1+ 39. Nxc1
Rc8 40. Ne2 Rc2 41. Bb1 Rb2 42. Be4 Ra2 43. Bf5 Rxa3 44. d6 Kf8 45. Nd4 Rc3 46.
Nb5 Rc1+ 47. Ke2 a6 48. d7 Ke7 49. Nd6 1-0

[Event "Indonesia Open 2013"]
[Site "Jakarta INA"]
[Date "2013.10.12"]
[Round "4.23"]
[White "Gopal, G.N."]
[Black "Dimakiling, Oliver"]
[Result "1-0"]
[WhiteTitle "GM"]
[BlackTitle "IM"]
[WhiteElo "2527"]
[BlackElo "2353"]
[WhiteFideId "5015693"]
[BlackFideId "5202248"]
[EventDate "2013.10.10"]

1. e4 e5 2. Nf3 Nc6 3. Bb5 Nf6 4. d3 Ne7 5. O-O c6 6. Ba4 Ng6 7. c3 d6 8. Nbd2
Be7 9. Re1 O-O 10. Nf1 Re8 11. Ng3 Bf8 12. h3 h6 13. d4 Qc7 14. Bc2 b5 15. a4 a5
16. Bd2 Bd7 17. Bd3 Nf4 18. Bf1 g5 19. Nh2 bxa4 20. dxe5 dxe5 21. Qxa4 c5 22.
Qa2 Be6 23. Bc4 Qb7 24. Bxe6 Rxe6 25. Ng4 Nxg4 26. hxg4 Nd3 27. Reb1 Rb6 28. b3
a4 29. Qc2 Qd7 30. bxa4 Rxb1+ 31. Rxb1 Rxa4 32. Be3 c4 33. Kh2 Ra3 34. Nf5 Kh7
35. Rb8 Bg7 36. Qd2 Ra6 37. Qd1 Qc7 38. Qb1 Nc5 39. Bxc5 Qxc5 40. Qb7 Ra7 41.
Qc8 Qxc8 42. Rxc8 Ra4 43. Ne3 f6 44. Nxc4 h5 45. gxh5 f5 46. exf5 e4 47. Ne3
Be5+ 48. g3 Ra3 49. Re8 Bxc3 50. Rxe4 Kh6 51. g4 Ra5 52. Kg2 Kg7 53. Nf1 Be5 54.
Nd2 Bf4 55. Nf3 Kf7 56. Re6 Ra4 57. Rg6 1-0

[Event "Indonesia Open 2013"]
[Site "Jakarta INA"]
[Date "2013.10.12"]
[Round "4.24"]
[White "Nguyen, Duc Hoa"]
[Black "Tran, Tuan Minh"]
[Result "1-0"]
[WhiteTitle "IM"]
[BlackTitle "FM"]
[WhiteElo "2486"]
[BlackElo "2344"]
[WhiteFideId "12401358"]
[BlackFideId "12401820"]
[EventDate "2013.10.10"]

1. d4 Nf6 2. c4 e6 3. Nf3 b6 4. g3 Bb7 5. Bg2 c5 6. d5 exd5 7. Nh4 g6 8. Nc3 Bg7
9. O-O O-O 10. Bf4 Na6 11. Bd6 Re8 12. cxd5 Ng4 13. Qa4 Ne5 14. Nf3 Nxf3+ 15.
Bxf3 Be5 16. Bxe5 Rxe5 17. Bg2 d6 18. f4 Re3 19. f5 Qe7 20. Rf2 Rf8 21. Raf1 Qe5
22. Qh4 Nc7 23. Ne4 Ne8 24. Ng5 Qg7 25. f6 1-0

[Event "Indonesia Open 2013"]
[Site "Jakarta INA"]
[Date "2013.10.12"]
[Round "4.25"]
[White "Ardiansyah, H"]
[Black "Nolte, Rolando"]
[Result "0-1"]
[WhiteTitle "GM"]
[BlackTitle "IM"]
[WhiteElo "2368"]
[BlackElo "2447"]
[WhiteFideId "7100027"]
[BlackFideId "5200636"]
[EventDate "2013.10.10"]

1. d4 Nf6 2. g3 e6 3. Bg2 c5 4. e3 Nc6 5. Nf3 d5 6. O-O Bd6 7. c4 O-O 8. cxd5
exd5 9. dxc5 Bxc5 10. a3 Bg4 11. h3 Bh5 12. g4 Bg6 13. b4 Bb6 14. Bb2 Qd6 15.
Nc3 Rfd8 16. Nh4 Bc7 17. f4 Qe7 18. Re1 d4 19. exd4 Qd6 20. Nb5 Qxf4 21. Nxc7
Qxc7 22. Nxg6 hxg6 23. d5 Qg3 24. Kh1 Rd7 25. b5 Na5 26. Be5 Qh4 27. Qa4 b6 28.
d6 Re8 29. Qb4 Nb7 30. Re3 Rc8 31. Rc3 Re8 32. Bg3 Qg5 33. Qf4 Qxb5 34. Rc7 Nd5
35. a4 Qd3 36. Qf2 Nxc7 37. dxc7 Qc3 38. Rf1 0-1

[Event "Indonesia Open 2013"]
[Site "Jakarta INA"]
[Date "2013.10.12"]
[Round "4.27"]
[White "Manakova, Maria"]
[Black "Khamrakulov, Djurabek"]
[Result "1/2-1/2"]
[WhiteTitle "WGM"]
[BlackTitle "IM"]
[WhiteElo "2320"]
[BlackElo "2442"]
[WhiteFideId "927007"]
[BlackFideId "14201143"]
[EventDate "2013.10.10"]

1. e4 c5 2. Nf3 d6 3. d4 cxd4 4. Nxd4 Nf6 5. Nc3 a6 6. Be2 e5 7. Nb3 Be7 8. O-O
O-O 9. Be3 Be6 10. Nd5 Nbd7 11. Qd3 Rc8 12. c4 Ne8 13. Qd2 b6 14. Qb4 Rb8 15. f4
a5 16. Qa3 Bxd5 17. cxd5 Nef6 18. fxe5 Nxe5 19. Qa4 Nfg4 20. Bd4 Bg5 21. Bxg4
Nxg4 22. Rae1 Qe8 23. Qc4 a4 24. Na1 Bf6 25. Bxf6 Nxf6 26. Qb4 Qd7 27. Nc2 Rfe8
28. Rf4 Re5 29. Nd4 Rbe8 30. Nc6 Nxd5 31. Nxe5 dxe5 32. exd5 exf4 33. Rxe8+ Qxe8
34. d6 Qe3+ 35. Kf1 Qd3+ 36. Ke1 Qe3+ 37. Kf1 Qd3+ 38. Ke1 Qe3+ 1/2-1/2

[Event "Indonesia Open 2013"]
[Site "Jakarta INA"]
[Date "2013.10.12"]
[Round "4.28"]
[White "Juswanto, Denny"]
[Black "Nakhbayeva, Guliskhan"]
[Result "1-0"]
[WhiteTitle "IM"]
[BlackTitle "WGM"]
[WhiteElo "2417"]
[BlackElo "2307"]
[WhiteFideId "7100221"]
[BlackFideId "13704788"]
[EventDate "2013.10.10"]

1. e4 c5 2. Nc3 Nc6 3. f4 e6 4. Nf3 d5 5. Bb5 a6 6. Bxc6+ bxc6 7. d3 Be7 8. O-O
Nf6 9. Qe1 O-O 10. h3 a5 11. Bd2 c4 12. e5 Nd7 13. dxc4 Qb6+ 14. Kh1 Ba6 15. b3
dxc4 16. Be3 Qc7 17. Rf2 Nb6 18. Ne4 Nd5 19. Bd2 Qa7 20. bxc4 Bxc4 21. Nd6 Bxd6
22. exd6 f6 23. Bc1 Kh8 24. Rd2 Qc5 25. a4 Nxf4 26. Rd4 Nxg2 27. Kxg2 Bd5 28. c3
Qxd6 29. Qd1 e5 30. Rd2 f5 31. Kf2 e4 32. c4 exf3 33. cxd5 f4 34. Qxf3 Qc5+ 35.
Kg2 Rf5 36. Ba3 Qe3 37. Qxe3 fxe3 38. Re2 cxd5 39. Rxe3 h5 40. Rf1 Rxf1 41. Kxf1
Rc8 42. Re5 Rc4 43. Rxd5 Rxa4 44. Rxh5+ Kg8 45. Bb2 g6 46. Rd5 Kf7 47. Kf2 Rc4
48. Kf3 a4 49. Rd3 Ke6 50. Ba3 Kf5 51. Be7 Rf4+ 52. Kg3 Re4 53. Rf3+ Ke6 54. Bg5
Kd5 55. Rf6 a3 56. Ra6 Re5 57. h4 Re1 58. Rxa3 Ke4 59. Ra4+ Ke5 60. Ra6 Rg1+ 61.
Kf2 Rb1 62. Rxg6 Kf5 63. Rf6+ Kg4 64. Kg2 Rb2+ 65. Rf2 Rb3 66. Rf4+ Kh5 67. Re4
Ra3 68. Be3 Ra2+ 69. Kh3 Ra5 70. Re6 Ra6 71. Re5+ Kg6 72. Kg4 Ra4+ 73. Bf4 Ra7
74. h5+ Kh7 75. Bg5 Ra6 76. Re7+ Kg8 77. h6 Kh8 78. Bf4 Ra4 79. Kf5 1-0

[Event "Indonesia Open 2013"]
[Site "Jakarta INA"]
[Date "2013.10.12"]
[Round "4.30"]
[White "Karavade, Eesha"]
[Black "Lorparizangeneh, Shahin"]
[Result "1/2-1/2"]
[WhiteTitle "IM"]
[BlackTitle "FM"]
[WhiteElo "2400"]
[BlackElo "2249"]
[WhiteFideId "5012600"]
[BlackFideId "12521604"]
[EventDate "2013.10.10"]

1. Nf3 Nf6 2. c4 g6 3. Nc3 d5 4. cxd5 Nxd5 5. Qa4+ Nc6 6. Ne5 Qd6 7. Nxc6 Qxc6
8. Qxc6+ bxc6 9. g3 Bg7 10. Bg2 Be6 11. a3 O-O 12. Na4 Rab8 13. e3 Bc8 14. Bf1
Nb6 15. Nc3 Be6 16. Bg2 c5 17. Ke2 Rfd8 18. Be4 Bc4+ 19. Ke1 Bd3 20. Bxd3 Rxd3
21. Ke2 c4 22. Kd1 Bxc3 23. bxc3 Na4 24. Kc2 Nc5 25. a4 Nb3 26. Rb1 a5 27. Rd1
f5 28. Re1 e5 29. e4 Rbd8 30. Rxb3 cxb3+ 31. Kxb3 Rf3 32. exf5 Rd5 33. Kc4 c6
34. fxg6 hxg6 35. Re2 Rfd3 36. h4 Kf7 37. Kb3 Kf6 38. Kc2 Kf5 39. c4 Rd7 40. Bb2
e4 41. Bc3 Rf3 42. Kb3 Rb7+ 43. Kc2 Rd7 44. Kb3 Rb7+ 45. Kc2 Rd7 1/2-1/2

[Event "Indonesia Open 2013"]
[Site "Jakarta INA"]
[Date "2013.10.12"]
[Round "4.31"]
[White "Barus, Cerdas"]
[Black "Suyud, Hartoyo"]
[Result "1/2-1/2"]
[WhiteTitle "GM"]
[WhiteElo "2396"]
[BlackElo "2226"]
[WhiteFideId "7100094"]
[BlackFideId "7102704"]
[EventDate "2013.10.10"]

1. d4 d5 2. Nf3 Nf6 3. Bf4 c5 4. e3 cxd4 5. Bb5+ Bd7 6. Bxd7+ Nbxd7 7. exd4 e6
8. O-O Qb6 9. Qc1 Bd6 10. Be3 Qc7 11. h3 O-O 12. Nbd2 Rfc8 13. c3 b5 14. a3 a5
15. Qc2 Rab8 16. Rfc1 h6 17. Qd1 Nb6 18. Ne1 Nc4 19. Nd3 Bh2+ 20. Kh1 Bd6 21. b4
Nxd2 22. Qxd2 Ne4 23. Qe1 Ra8 24. Nc5 a4 25. Qe2 Qc6 26. Ra2 Re8 27. Rac2 f5 28.
Kg1 Re7 29. f4 Rf8 30. Qf3 Qc7 31. Rf1 Qc6 1/2-1/2

[Event "Indonesia Open 2013"]
[Site "Jakarta INA"]
[Date "2013.10.12"]
[Round "4.32"]
[White "Pitra, Andika"]
[Black "Gunawan, Ronny"]
[Result "1/2-1/2"]
[WhiteTitle "FM"]
[BlackTitle "IM"]
[WhiteElo "2276"]
[BlackElo "2395"]
[WhiteFideId "7103255"]
[BlackFideId "7100035"]
[EventDate "2013.10.10"]

1. b4 e5 2. Bb2 Bxb4 3. Bxe5 Nf6 4. Nf3 O-O 5. e3 d5 6. Be2 c5 7. O-O Nc6 8. Bb2
Re8 9. d3 Ba5 10. Nbd2 Bc7 11. c4 dxc4 12. Nxc4 b5 13. Ncd2 Bb7 14. a4 b4 15.
Rc1 Bd6 16. Nb3 Nd7 17. d4 cxd4 18. exd4 Rc8 19. d5 Nce5 20. Rxc8 Nxf3+ 21. Bxf3
Bxc8 22. g3 Qe7 23. Nd4 Ne5 24. Bg2 Nc4 25. Nc6 Qe2 26. Qxe2 Rxe2 27. Bd4 b3 28.
Bf3 Rc2 29. Re1 Bd7 30. Bg4 f5 1/2-1/2

[Event "Indonesia Open 2013"]
[Site "Jakarta INA"]
[Date "2013.10.12"]
[Round "4.33"]
[White "Teh, Eu Wen Aron"]
[Black "Fernandez, Daniel Howard"]
[Result "1/2-1/2"]
[BlackTitle "IM"]
[WhiteElo "2254"]
[BlackElo "2389"]
[WhiteFideId "5704723"]
[BlackFideId "5801605"]
[EventDate "2013.10.10"]

1. d4 b5 2. e4 Bb7 3. Bd3 e6 4. Nf3 c5 5. c3 a6 6. O-O Nf6 7. Re1 d5 8. e5 Nfd7
9. Nbd2 Nc6 10. Nf1 Be7 11. Be3 b4 12. Ng3 a5 13. Nh5 g6 14. Nf4 bxc3 15. bxc3
cxd4 16. cxd4 Nb6 17. Bb5 O-O 18. Nd3 Na7 19. a4 Nxb5 20. axb5 Bc8 21. Bh6 Re8
22. Qd2 Bd7 23. Qf4 Bxb5 24. Ng5 Rf8 25. Nc5 Nc4 26. h4 a4 27. Rec1 a3 28. Rc3
Qa5 29. Rxc4 Bxc4 30. Nd7 Qc3 31. Rc1 Qxc1+ 32. Qxc1 a2 33. Qf4 a1=Q+ 34. Kh2
Qb1 35. Bxf8 Rxf8 36. Nxf8 Bxg5 37. Qxg5 Kxf8 38. Qd8+ 1/2-1/2

[Event "Indonesia Open 2013"]
[Site "Jakarta INA"]
[Date "2013.10.12"]
[Round "4.34"]
[White "Masruri, Rahman"]
[Black "Batchimeg, Tuvshintugs"]
[Result "1/2-1/2"]
[BlackTitle "WGM"]
[WhiteElo "2222"]
[BlackElo "2376"]
[WhiteFideId "7101163"]
[BlackFideId "4900839"]
[EventDate "2013.10.10"]

1. d4 Nf6 2. Bf4 b6 3. e3 Bb7 4. Nd2 d6 5. Ngf3 h6 6. h3 g5 7. Bh2 Rg8 8. Bd3 h5
9. Bg3 e6 10. e4 g4 11. hxg4 hxg4 12. Ng1 Nbd7 13. Ne2 e5 14. c3 Qe7 15. Qc2
O-O-O 16. d5 c6 17. dxc6 Bxc6 18. O-O-O Nc5 19. Bh4 Bh6 20. Kb1 Bxd2 21. Qxd2
Ncxe4 22. Qe3 Qe6 23. Bc2 Kb7 24. Ka1 Rde8 25. Bb3 d5 26. Bc2 Rh8 27. Bxf6 Qxf6
28. Bxe4 dxe4 29. Rhe1 Qe6 30. Ng3 f5 31. Qg5 Ref8 32. Qg7+ Kb8 33. Rh1 Rhg8 34.
Qh7 Rg6 35. Rh5 Rgf6 36. Rg5 R6f7 37. Rg7 Rxg7 38. Qxg7 Qf6 39. Qh7 Rd8 40. Rb1
Bd7 41. Rh1 Be6 42. b3 Rd7 43. Qh5 Kc7 44. Qe8 Rd8 45. Qa4 a5 46. Qb5 Rd7 47.
Nh5 Qh8 48. Ng3 Qf6 49. Nh5 Qh8 50. Ng3 Qf6 51. Nh5 Qe7 52. Qxe5+ Qd6 53. Qxd6+
Rxd6 54. Nf4 Bd7 55. Re1 a4 56. Kb1 Rd2 57. Re2 Rd1+ 58. Kc2 Ra1 59. Kb2 Rf1 60.
Rd2 axb3 61. axb3 b5 62. c4 bxc4 63. bxc4 Bc6 64. Ne6+ Kb6 65. Kc3 Rg1 66. c5+
Kb7 67. Nf4 Kc8 68. Kd4 Rc1 69. Ne2 Rf1 70. Ng3 Rg1 71. Nxf5 Rxg2 72. Ke3 Kc7
73. Rd1 Rh2 74. Ng3 Kb7 75. Rb1+ Kc7 76. Rb4 Bd5 77. Nxe4 Bxe4 78. Rxe4 Rh3+ 79.
Kd4 Rf3 80. Rxg4 Rxf2 1/2-1/2

[Event "Indonesia Open 2013"]
[Site "Jakarta INA"]
[Date "2013.10.12"]
[Round "4.36"]
[White "Torre, Eugenio"]
[Black "Emperado, Emmanuel"]
[Result "0-1"]
[WhiteTitle "GM"]
[WhiteElo "2462"]
[BlackElo "2297"]
[WhiteFideId "5200016"]
[BlackFideId "5209960"]
[EventDate "2013.10.10"]

1. e4 c5 2. Nf3 d6 3. c3 Nf6 4. Be2 g6 5. O-O Bg7 6. Re1 O-O 7. Bf1 Nc6 8. a3 e5
9. d3 Qc7 10. b4 b6 11. Bb2 Rd8 12. Nbd2 d5 13. exd5 Nxd5 14. b5 Na5 15. c4 Nf4
16. Bxe5 Bxe5 17. Nxe5 f6 18. Ng4 Kg7 19. Ne3 Bb7 20. Qg4 h5 21. Qg3 Rd7 22.
Nf5+ Kf7 23. Nh4 g5 24. Nf5 Kg6 25. d4 cxd4 26. Bd3 Kf7 27. Ne4 Bxe4 28. Bxe4
Rad8 29. Qf3 g4 30. Qd1 d3 31. Bd5+ Nxd5 32. cxd5 Qc2 33. Ne3 Qxd1 34. Raxd1
Rxd5 35. Nxd5 Rxd5 36. Re3 d2 37. Rc3 Ke6 38. Kf1 Rd4 39. Ke2 Nc4 40. a4 Kd5 41.
f3 f5 42. Rb3 Kc5 43. Rf1 Rd5 44. fxg4 Re5+ 45. Kd1 fxg4 46. Rc3 Kb4 47. Rxc4+
Kxc4 48. Kxd2 Kb3 49. Rf4 Rc5 50. Ke3 Rc4 51. Rxc4 Kxc4 52. Kf4 Kb4 53. Kg5 Kxa4 0-1